[Event "AUT-chT qual"]
[Site "Vienna"]
[Date "1998.??.??"]
[Round "2"]
[White "Wukits, Rene"]
[Black "Schigan, Manfred"]
[Result "0-1"]
[WhiteElo "2250"]
[BlackElo "2290"]
[PlyCount "64"]
[EventDate "1998.??.??"]
[EventType "team"]
[EventRounds "3"]
[EventCountry "AUT"]
[SourceTitle "EXT 1999"]
[Source "ChessBase"]
[SourceDate "1998.11.16"]
[SourceVersion "1"]
[SourceVersionDate "1998.11.16"]
[SourceQuality "1"]

1. d4 Nf6 2. c4 g6 3. Nc3 d5 4. cxd5 Nxd5 5. e4 Nxc3 6. bxc3 Bg7 7. Bc4 0-0 8. Ne2 c5 9. Be3 Nc6 10. 0-0 Bg4 11. f3 Na5 12. Bd3 cxd4 13. cxd4 Be6 14. d5 Bxa1 15. Qxa1 f6 16. Bh6 Re8 17. Nd4 Bd7 18. Rb1 e5 19. Ne2 Rc8 20. f4 b5 21. fxe5 fxe5 22. Be3 a6 23. Rb4 Nb7 24. Qe1 Qa5 25. Qb1 Nd6 26. Qb2 Nc4 27. Bxc4 Rxc4 28. Bd2 Qb6+ 29. Kh1 Qc5 30. Rxc4 Qxc4 31. Ng3 Rc8 32. h3 Qd3 0-1

[Event "AUT-chT2S 9697"]
[Site "Austria"]
[Date "1997.??.??"]
[Round "9"]
[White "Titz, Heimo"]
[Black "Schigan, Manfred"]
[Result "1/2-1/2"]
[WhiteElo "2255"]
[BlackElo "2325"]
[PlyCount "90"]
[EventDate "1996.??.??"]
[EventType "team"]
[EventRounds "11"]
[EventCountry "AUT"]
[SourceTitle "EXT 1999"]
[Source "ChessBase"]
[SourceDate "1998.11.16"]
[SourceVersion "1"]
[SourceVersionDate "1998.11.16"]
[SourceQuality "1"]

1. c4 Nf6 2. Nc3 d5 3. cxd5 Nxd5 4. g3 g6 5. Bg2 Nb6 6. Nf3 Bg7 7. 0-0 Nc6 8. d3 0-0 9. Be3 h6 10. Qc1 Kh7 11. Rd1 e6 12. Bc5 Re8 13. d4 Nd5 14. e4 Nxc3 15. Qxc3 Bd7 16. Rac1 b6 17. Ba3 Nxd4 18. Rxd4 c5 19. Rxd7 Qxd7 20. Qc2 Red8 21. b3 Qd3 22. Bb2 Qxc2 23. Rxc2 a5 24. Bxg7 Kxg7 25. Kf1 a4 26. Ke2 axb3 27. axb3 Ra3 28. Nd2 e5 29. f4 exf4 30. gxf4 g5 31. fxg5 hxg5 32. h3 Kg6 33. Bf3 f5 34. exf5+ Kxf5 35. Bg4+ Kf4 36. Rc4+ Ke5 37. Re4+ Kf6 38. Re6+ Kf7 39. Re3 Ra2 40. Rd3 Rxd3 41. Kxd3 b5 42. Ne4 c4+ 43. bxc4 bxc4+ 44. Kd4 Kg6 45. Be6 Ra3 1/2-1/2

[Event "AUT-ch"]
[Site "Austria"]
[Date "1996.??.??"]
[Round "2"]
[White "Schigan, Manfred"]
[Black "Kummer, Helmut"]
[Result "1-0"]
[WhiteElo "2255"]
[BlackElo "2300"]
[PlyCount "51"]
[EventDate "1996.??.??"]
[EventType "swiss"]
[EventRounds "9"]
[EventCountry "AUT"]
[SourceTitle "EXT 1998"]
[Source "ChessBase"]
[SourceDate "1997.11.17"]
[SourceVersion "1"]
[SourceVersionDate "1997.11.17"]
[SourceQuality "1"]

1. e4 Nc6 2. Nf3 d5 3. exd5 Qxd5 4. Nc3 Qa5 5. Bb5 Bd7 6. 0-0 a6 7. Be2 0-0-0 8. d3 e5 9. a3 Nf6 10. Bg5 Qc5 11. Nd2 Be7 12. Nc4 Nd5 13. Bd2 Nxc3 14. Bxc3 Nd4 15. Bb4 Qd5 16. Bxe7 Bc6 17. Ne3 Qe6 18. Bxd8 Rxd8 19. c3 Nxe2+ 20. Qxe2 f5 21. Rfe1 Kb8 22. f3 g5 23. Nc2 Qg6 24. Nb4 g4 25. Nxc6+ Qxc6 26. fxg4 1-0

[Event "AUT-ch"]
[Site "Austria"]
[Date "1996.??.??"]
[Round "6"]
[White "Schigan, Manfred"]
[Black "Schweda, Roland"]
[Result "1-0"]
[WhiteElo "2255"]
[BlackElo "2365"]
[PlyCount "67"]
[EventDate "1996.??.??"]
[EventType "swiss"]
[EventRounds "9"]
[EventCountry "AUT"]
[SourceTitle "EXT 1998"]
[Source "ChessBase"]
[SourceDate "1997.11.17"]
[SourceVersion "1"]
[SourceVersionDate "1997.11.17"]
[SourceQuality "1"]

1. e4 c5 2. c3 d5 3. exd5 Qxd5 4. d4 Nc6 5. Nf3 e5 6. Nxe5 Nxe5 7. dxe5 Qxe5+ 8. Be3 Bd7 9. Nd2 0-0-0 10. Nf3 Qc7 11. Qb3 Bc6 12. Bc4 Nh6 13. Ke2 Bd6 14. Rad1 Rhe8 15. Bd5 Bxd5 16. Rxd5 f5 17. g3 Ng4 18. Rhd1 g5 19. Rxf5 Nxe3 20. fxe3 g4 21. Ne1 Qe7 22. Ng2 Bc7 23. Rxd8+ Rxd8 24. Qc2 c4 25. Nf4 Bb6 26. Ng2 Rd3 27. Rf4 Kb8 28. Qc1 Qe6 29. b3 Rd8 30. Qc2 Qd5 31. Re4 Qf5 32. Nh4 cxb3 33. axb3 Qd7 34. c4 1-0

[Event "Casino op 3rd"]
[Site "Velden"]
[Date "1995.??.??"]
[Round "2"]
[White "Forster, Richard"]
[Black "Schigan, Manfred"]
[Result "1-0"]
[WhiteElo "2515"]
[BlackElo "2261"]
[PlyCount "77"]
[EventDate "1995.06.30"]
[EventType "swiss"]
[EventRounds "9"]
[EventCountry "AUT"]
[SourceTitle "EXT 2022"]
[Source "ChessBase"]
[SourceDate "2021.10.06"]
[SourceVersion "1"]
[SourceVersionDate "2021.10.06"]
[SourceQuality "1"]

1. e4 c6 2. d4 d5 3. Nc3 dxe4 4. Nxe4 Nd7 5. Ng5 Ngf6 6. Bd3 e6 7. N1f3 h6 8. Nxe6 Qe7 9. 0-0 fxe6 10. Bg6+ Kd8 11. c4 Qb4 12. Qe2 Be7 13. Bd2 Qb6 14. Rad1 Nf8 15. Bf7 Bd7 16. Rfe1 Bb4 17. Ne5 Bxd2 18. Qxd2 Kc8 19. d5 exd5 20. cxd5 c5 21. Rc1 Kd8 22. Nc4 Qc7 23. d6 Qc6 24. Na5 Qa6 25. Rxc5 Rc8 26. Bd5 Nxd5 27. Qxd5 Rxc5 28. Nxb7+ Kc8 29. Nxc5 Qc6 30. Qd2 Kb8 31. Rc1 Bc8 32. Nb3 Qb6 33. Rc4 a5 34. Nxa5 Ba6 35. Rb4 Bb5 36. a4 Ka7 37. Rxb5 Qa6 38. Qe3+ Ka8 39. Qe8+ 1-0

[Event "AUT-chT2S 9596"]
[Site "Austria"]
[Date "1995.??.??"]
[Round "?"]
[White "Leitner, Kurt"]
[Black "Schigan, Manfred"]
[Result "0-1"]
[WhiteElo "2120"]
[BlackElo "2310"]
[PlyCount "58"]
[EventDate "1995.??.??"]
[EventType "team-tourn"]
[EventRounds "11"]
[EventCountry "AUT"]
[SourceTitle "EXT 1999"]
[Source "ChessBase"]
[SourceDate "1998.11.16"]
[SourceVersion "1"]
[SourceVersionDate "1998.11.16"]
[SourceQuality "1"]

1. e4 c6 2. d4 d5 3. e5 Bf5 4. Ne2 e6 5. Nf4 Ne7 6. g4 Be4 7. f3 Bg6 8. h4 h5 9. Bd3 Bxd3 10. Qxd3 hxg4 11. fxg4 c5 12. c3 Nbc6 13. Na3 cxd4 14. cxd4 Nc8 15. Bd2 Nb6 16. g5 Bxa3 17. bxa3 Qd7 18. Rb1 0-0-0 19. Rh3 Nc4 20. Bb4 g6 21. Qd1 b6 22. Ng2 Kb7 23. a4 Ka8 24. Rf3 Rh7 25. Rfb3 Qb7 26. a5 N6xa5 27. Rc3 Nc6 28. Bc5 Qa6 29. Bd6 Qa5 0-1

[Event "Casino op 3rd"]
[Site "Velden"]
[Date "1995.??.??"]
[Round "1"]
[White "Schigan, Manfred"]
[Black "Kopinits, Silvia"]
[Result "1-0"]
[WhiteElo "2261"]
[BlackElo "1598"]
[PlyCount "49"]
[EventDate "1995.06.30"]
[EventType "swiss"]
[EventRounds "9"]
[EventCountry "AUT"]
[SourceTitle "EXT 2022"]
[Source "ChessBase"]
[SourceDate "2021.10.06"]
[SourceVersion "1"]
[SourceVersionDate "2021.10.06"]
[SourceQuality "1"]

1. e4 c5 2. c3 d6 3. d4 cxd4 4. cxd4 Nf6 5. Nc3 a6 6. Nf3 e6 7. Bd3 Qc7 8. 0-0 Be7 9. Bg5 0-0 10. Rc1 Qd8 11. e5 dxe5 12. dxe5 Nd5 13. Nxd5 exd5 14. Rxc8 Qxc8 15. Bxe7 Re8 16. Bd6 h6 17. Qb3 Nd7 18. Qxd5 Nb6 19. Qe4 g6 20. h4 Re6 21. Nd4 Re8 22. h5 f5 23. Qe2 Kg7 24. hxg6 Rg8 25. Nxf5+ 1-0

[Event "Casino op 3rd"]
[Site "Velden"]
[Date "1995.??.??"]
[Round "8"]
[White "Soln, Primoz"]
[Black "Schigan, Manfred"]
[Result "1-0"]
[WhiteElo "2313"]
[BlackElo "2261"]
[PlyCount "69"]
[EventDate "1995.06.30"]
[EventType "swiss"]
[EventRounds "9"]
[EventCountry "AUT"]
[SourceTitle "EXT 2022"]
[Source "ChessBase"]
[SourceDate "2021.10.06"]
[SourceVersion "1"]
[SourceVersionDate "2021.10.06"]
[SourceQuality "1"]

1. d4 Nf6 2. c4 g6 3. Nc3 d5 4. Bf4 Bg7 5. e3 c5 6. dxc5 Qa5 7. Rc1 Ne4 8. cxd5 Nxc3 9. Qd2 Qxa2 10. bxc3 Qxd2+ 11. Kxd2 Nd7 12. Bb5 0-0 13. Bxd7 Bxd7 14. e4 f5 15. e5 e6 16. d6 Rfc8 17. Be3 Bc6 18. f4 Bxg2 19. Ne2 Bxh1 20. Rxh1 g5 21. Rg1 h6 22. Nd4 Kf7 23. Rb1 b6 24. cxb6 axb6 25. Rxb6 Ra7 26. Nc6 Rd7 27. c4 Kg6 28. c5 gxf4 29. Bxf4 Kh5 30. h3 Kh4 31. Ke2 Kxh3 32. Kf3 Ra8 33. Nd4 Ra2 34. Rb1 Ra3+ 35. Nb3 1-0